000 00818cam a2200229u 4500
999 _c129403
_d129403
001 8763450
003 ARRUPE
005 20190423134856.0
008 821217m19349999mou 000 0 eng
010 _a 35000396
040 _aDLC
_cCarP
_dDLC
050 0 0 _aBT101
_b.G262 1934
100 1 _aGarrigou-Lagrange, Réginald,
_d1877-1964.
_910338
245 1 0 _aGod, His existence and His nature;
_ba thomistic solution of certain agnostic antinomies,
260 _aSt. Louis, Mo.
_band London, B. Herder book co.,
_c1934-
300 _av.
_c21 cm.
600 0 0 _aThomas,
_cAquinas, Saint,
_d1225?-1274.
_945826
650 0 _aGod (Christianity)
_xKnowableness.
_928520
650 0 _aChristianity
_xPhilosophy.
_945827
700 1 _aRose, Bede,
_d1880-
_etr.
_945828
906 _a0
_bcbc
_cpremunv
_du
_encip
_f19
_gy-gencatlg
942 _2lcc
_cMONOGRAPH